Nicaragua: reforma de la administración pública /

Guardat en:
Dades bibliogràfiques
Autor principal: Oquist Kelly, Paul
Altres autors: Delgado Romero, Rodolfo
Format: Text
Etiquetes: Afegir etiqueta
Sense etiquetes, Sigues el primer a etiquetar aquest registre!

MARC

LEADER 00000 a a2200000 04500
001 47514
003
040
100 |a Oquist Kelly, Paul  
245 |a Nicaragua:   |b reforma de la administración pública /  |c Paul Oquist Kelly, Rodolfo Delgado Romero  
700 |a Delgado Romero, Rodolfo  
773 |g número6, (1995), páginas 32-45  
999 |c 37878  |d 37878